000 00637nam a22002297a 4500
003 UA-OsUOA
001 91034
007 ta
008 20121121b un ||||| |||| 00| 0 ukr d
100 _aПокальчук Ю.
090 _a821.161.2
_bП48
942 _cBK
040 _aUA-OsUOA
_brus
_cUA-OsUOA
_dUA-OsUOA
245 _aДорога через горы
_bроман, повести, рассказы
300 _a544 с.
955 _a3
041 _arus
080 _a821.161.2
260 _aМ.
_bИзвестия
_c1988
650 7 _a82 Література. Літературознавство
_2UDC
999 _c377305
_d377305